Analýza základných rizík vznikajúcich kombináciou verejných a súkromných zdrojov - PPP projekty bakalárska práca

Enregistré dans:
Détails bibliographiques
Auteur principal: Kvarda, František
Collectivité auteur: Národohospodárska fakulta EU. Katedra financií
Autres auteurs: Hocman, František, 1983-
Format: Livre
Langue:slovaque
Publié: Bratislava 2009
Tags: Ajouter un tag
Pas de tags, Soyez le premier à ajouter un tag!

MARC

LEADER 00000nam$a2200000$$$4500
001 0103499
005 20240318141224.0
041 0 |a slo 
044 |a SK 
245 1 0 |a Analýza základných rizík vznikajúcich kombináciou verejných a súkromných zdrojov - PPP projekty  |b bakalárska práca  |c František Kvarda ; škol. František Hocman 
264 1 |a Bratislava  |c 2009 
300 |a 50 s. 
100 1 |a Kvarda, František 
700 1 |a Hocman, František, 1983- 
710 2 |a Národohospodárska fakulta EU. Katedra financií